Cielené syntézy a štúdium nových 5-aminopyrazolových derivátov s perfluórfenylovým substituentom a ich transformácie na azoheterocyklické zlúčeniny využiteľných v opto-elektronike diplomová práca

Salvato in:
Dettagli Bibliografici
Autore principale: Grešo, Matej
Natura: Libro
Lingua:slovacco
Pubblicazione: Bratislava STU FCHPT 2018
Accesso online:Visualizza in OPAC
Tags: Aggiungi Tag
Nessun Tag, puoi essere il primo ad aggiungerne!!

MARC

LEADER 00000nam a2200000 a 4500
005 20260127134238.0
008 180803 2018 xo a 001 0 slo d
035 |a vtls011770374 
039 9 |a 201808101336  |b mschk03  |y 201808030916  |z mschk03 
040 |a STUSCHK1  |b slo  |c STUSCHK1  |e AACR2 
100 1 |a Grešo, Matej 
245 1 |a Cielené syntézy a štúdium nových 5-aminopyrazolových derivátov s perfluórfenylovým substituentom a ich transformácie na azoheterocyklické zlúčeniny využiteľných v opto-elektronike  |b diplomová práca  |c Matej Grešo 
260 |a Bratislava  |b STU FCHPT  |c 2018 
300 |a 103 s.  |b il.  |c 25 cm 
500 |a Študijný program: technická chémia 
500 |a Študijný odbor: chémia, chemické technológie 
500 |a Školiace pracovisko: Oddelenie organickej chémie 
500 |a Evid. číslo: FCHPT-104542-43445 
910 |a SCHK95 
999 |c 7702  |d 7702